02571nam a2200373 i 450000500170000000700030001700800410002002000150006104000350007604100080011104300120011908200220013110000260015324501200017925000220029926400540032130000840037533600270045933700330048633800280051950000330054750400410058050502660062152010720088752100460195965000210200565000230202665000230204965000230207270000250209570000500212094200120217099900150218220220317000055.0ta200423s2001 sp ao gr 000 0 spa d a8483232057 aCO-BoRNBPbspaerdacCO-BoRNBP0 aspa as-ck---04a612.609bP67h2231 aPotts, Malcolmeautor10aHistoria de la sexualidad : desde Adán y EvacMalcolm Potts, Roger Short ; traducido por Carmen Martínez Gimeno aPrimera edición 1aMadrid,EspañabCambridge University Pressc2001 a398 páginasbilustraciones y fotografías a color y en blanco y negroc20 cm atextobtxt2rdacontent asin mediaciónbn2rdamedia avolumenbnc2rdacarrier aIncluye índice analítico aIncluye referencias bibliográficas1 aLos comienzos -- El primate polígino -- Sexo y género -- Amor y matrimonio -- Sexo y embarazo -- Nacimiento y lactancia -- Crecer -- La civilización del sexo -- Sexo y poder -- Morir de amor -- Sexo y mortalidad -- Demasiada gente -- El animal que llevamo aLos poetas, antiguos y modernos, han tratado de describir nuestras pasiones sexuales. los expertos en leyes, de regularlas. y los sacerdotes, de controlarlas. En nuestras vidas privadas, el sexo puede aportar una gran compañía o una soledad completa. Puede abrir una ventana al cielo o una trampa al infierno. No es de extrañar que nuestro deseo sexual sea, para muchos, la más temida de nuestras emociones y, de ahí, la más reprimida. Pero Malcolm Potts y Roger Short, como científicos, pretender sobre todo comprender nuestras pasiones y explicarlas. En este libro se completan los hitos del ciclo vital: enamoramiento, matrimonio, relaciones sexuales, concepción, embarazo, parto, pubertad, paternidad y maternidad, menopausia y muerte. De cada uno de ellos se preguntan cuáles son las bases biológicas que subyacen a nuestra conducta, cómo han cimentado estas bases las diversas culturas antiguas y contemporáneas, y qué se puede extraer que le ayude a resolver los problemas actuales, tanto del individuo como de la comunidad en general aRecomendado para público juvenil adulto17aEmbarazo2ARMARC17aMaternidad2ARMARC17aMatrimonio2ARMARC17aMenopausia2ARMARC1 aShort, Roger91763441 aMartínez Gimeno, Carmenetraductora9176345 2ddccBK c3052d3052